Verdeelde Landen Puzzel - Statistieken

Algemene statistieken
  • Deze quiz is 7.920 keer genomen
  • De gemiddelde score is 15 van 20
Antwoordstatistieken
Landnaam % Correct
AFGH ANIS TAN Afghanistan
99%
AZER BEID ZJAN Azerbeidzjan
94%
NIEU WZEE LAND Nieuw-Zeeland
94%
DEN EMAR KEN Denemarken
89%
PAR AG UAY Paraguay
89%
ROE MEN Roemenië
87%
THA IL AND Thailand
86%
VEN EZUE LA Venezuela
84%
KR OAT Kroatië
82%
NICA RA GUA Nicaragua
81%
OEG AN DA Oeganda
78%
TA NZA NIA Tanzania
75%
BAR BA DOS Barbados
73%
BE LG België
73%
MON TENE GRO Montenegro
63%
DJ IBO UTI Djibouti
61%
SR ILA NKA Sri Lanka
58%
LES OT HO Lesotho
57%
CA MBO DJA Cambodja
49%
ES WAT INI Eswatini
45%
Geen overeenkomende quizzen gevonden
Scoreverdeling
Procent van Mensen met Elke Score
Percentiel versus Aantal Correcte Antwoorden
Uw Scoregeschiedenis
U heeft deze quiz nog niet genomen